000
00300nam a22001337a 4500
008
170412b xxu||||| |||| 00| 0 eng d
020
_a
12166752
041
_a
eng
080
_2
3 ED
_a
618
100
_a
10
101
_a
SHM
245
_a
THE MEDICAL MANAGEMENTOF AIDS
_c
SANDE.M.A
942
_2
udc
_c
BK
999
_c
10541
_d
10541